Business of banking & financial services/ (Record no. 121044)
[ view plain ]
| 000 -LEADER | |
|---|---|
| fixed length control field | 00510cam a2200169 4500 |
| 008 - FIXED-LENGTH DATA ELEMENTS--GENERAL INFORMATION | |
| fixed length control field | 140828n 000 0 eng u |
| 020 ## - INTERNATIONAL STANDARD BOOK NUMBER | |
| International Standard Book Number | 0746306385 |
| 035 ## - SYSTEM CONTROL NUMBER | |
| System control number | (Sirsi) a184681 |
| 050 ## - LIBRARY OF CONGRESS CALL NUMBER | |
| Classification number | HG 2988 WRI 1992 |
| 100 ## - MAIN ENTRY--PERSONAL NAME | |
| Personal name | Wright, Don |
| 245 ## - TITLE STATEMENT | |
| Title | Business of banking & financial services/ |
| Statement of responsibility, etc. | Don Wright and Wally Valentine |
| 250 ## - EDITION STATEMENT | |
| Edition statement | 3rd ed. |
| 260 ## - PUBLICATION, DISTRIBUTION, ETC. | |
| Place of publication, distribution, etc. | Plymouth: |
| Name of publisher, distributor, etc. | Northcote house publishers, |
| Date of publication, distribution, etc. | 1992. |
| 300 ## - PHYSICAL DESCRIPTION | |
| Extent | viii, 260p. : |
| Other physical details | ill. |
| 504 ## - BIBLIOGRAPHY, ETC. NOTE | |
| Bibliography, etc. note | Includes index |
| 700 ## - ADDED ENTRY--PERSONAL NAME | |
| Personal name | Valentine, Wally |
No items available.